| 000 | 01475cad a22002415a 4500 | ||
|---|---|---|---|
| 001 | L148986 | ||
| 008 | 091210s2009 xxkd f s 000 0 eng d | ||
| 035 | _a(Sirsi) u148986 | ||
| 041 | 0 | _aeng | |
| 050 | 0 | 4 | _a333.72 $2 18 |
| 110 | 2 |
_aRoyal Institution of Chartered Surveyors _bEconomics _95033 |
|
| 245 | 0 | 0 |
_aGlobal property sustainability survey _bQ3 2009 _h[electronic resource] |
| 260 |
_aLondon _bRICS _c2009 |
||
| 490 | 0 |
_aRICS/CPE Global Commercial Property Sustainability Survey _vThird Quarter 2009 |
|
| 520 | _aPresents the results of RICS/CPE Global Commercial Property Sustainability Survey for the third quarter 2009. The survey shows that the vast majority of surveyors believe their clients place some to considerable importance on sustainability issues, and that energy efficiency continues to be the most important sustainability issue. Also reports that business bottom line continues to be overwhelmingly the primary driver of clients' sustainability agenda, and that on average, government departments and oil companies are willing to pay larger premiums to inhabit sustainable buildings. | ||
| 521 | _aAdvanced | ||
| 590 | _aKA | ||
| 650 | 2 | 4 | _aRICS/CPE GLOBAL COMMERCIAL PROPERTY SUSTAINABILITY SURVEY |
| 651 | 4 | _aInternational | |
| 690 | _aENVIRONMENTAL AND LAND CONSULTANCY-SUSTAINABILITY | ||
| 856 | 4 | 0 |
_uhttps://www.rics.org/site/download_feed.aspx?fileID=4649&fileExtension=PDF _zView the report free of charge at www.rics.org |
| 942 | _n0 | ||
| 999 |
_c110314 _d110314 |
||